Письмо Александра Петровича Беклемишева, Могилевского губернатора, Константину Петровичу фон Кауфману по поводу назначения фон К...

Доступно только в Электронных читальных залах Найти на картеНа карте
RUSMARC
00003659nmc2a22002413x 450
001fc82dcb1-adf5-4119-8bfa-1c97f76c6582
00520230904230832.0
100##$a20230328l18671867k l0rusy0189 ca
1010#$arus
102##$aRU
105##$ay###
1220#$ad
2001#$aПисьмо Александра Петровича Беклемишева, Могилевского губернатора, Константину Петровичу фон Кауфману по поводу назначения фон Кауфмана наместником Туркестанского края
$j22 июля 1867 г.
215##$a1 л.
$d25х29,5 см
251##$cДело
300##$aПисьма Константину Петровичу фон Кауфману (1818-1882 годы)
371##$aДокумент не является опубликованным и широко распространяемым
461#0$100190e07281-0192-43e2-b84a-6d6cf747817c
$12001
$aФон Кауфманы и фон Кауфманы Туркестанские
$1251
$cФонд
$1852
$j954
462#0$1001ff04dd05-f76b-4284-9957-af4e9e6c0442
$12001
$aМатериалы к истории рода Kауфманов; личные и служебные документы К.П., М.П., П.М. Кауфмана
$1251
$cОпись
$1852
$j1
801#0$aRU
$bРГИА
$c20230328
$gRCR
801#1$aRU
$bГлавНИВЦ
$c20230328
$2rusmarc
801#2$aRU
$bПБ им. Б.Н. Ельцина
$c20230904
$gRCR
$2rusmarc
850##$aРГИА
852##$aРГИА
$eФедеральное казенное учреждение "Российский государственный исторический архив" (РГИА)
$j35
937##$hРГИА
$d12390429
$aASBIBLIO_SCAN
035##$aRusGRCC00059440
856##$uhttp://readingroom.main.prlib.ru/item.aspx?id_node=n187356464&mode=full
Формат отображения